[Event "Turnier 40 / 120"]
[Site "Wien"]
[Date "2023.08.23"]
[Round "8"]
[White "Mephisto Lyon 68020"]
[Black "Novag Star Diamond"]
[Result "0-1"]
[WhiteElo "2172"]
[BlackElo "2161"]
[Annotator "Christian"]
[PlyCount "92"]
[EventDate "2023.??.??"]

{[%evp 0,92,19,38,42,37,48,31,24,41,54,50,53,55,70,66,64,28,60,63,41,-3,17,22,18,6,-2,-3,10,5,21,-8,12,1,-5,-3,9,-10,20,3,-5,-39,-51,-56,-34,-151,-133,-295,-295,-315,-315,-377,-337,-341,-332,-337,-332,-332,-315,-314,-299,-330,-334,-331,-333,-329,-318,-373,-336,-358,-322,-331,-324,-447,-288,-307,-328,-323,-325,-310,-312,-300,-321,-320,-328,-339,-339,-339,-345,-353,-353,-418,-435,-459,-479]} 1. e4 d5 {Runde 8: Skandinavisch / Der Bann ist gebrochen, in Runde 8 gibt es nach 7 Siegen für Weiss, den 1. für Schwarz, Novag Star Diamond kann die Schwächen seines Gegners zum Gewinn nützen, der verliert die Partie praktisch innerhalb von 2 Zügen, nach den ganz schlechten Zügen 22. Dg5 ?? und 23. Sxd4 ?? ist die Partie sofort verloren, das lässt sich dann Star Diamond nicht mehr nehmen, er wird damit die 1. Staffel zumindest nicht mehr verlieren. / Stand: 5,0 : 3,0 -- für Novag Star Diamond} 2. exd5 Nf6 3. Bb5+ Bd7 4. Bc4 Bg4 5. f3 {Buchende} Bc8 6. Nc3 {Buchbewertung Mephisto Lyon 68020: +0,45} Nbd7 7. d4 Nb6 {Buchende} 8. Qe2 {etwas besser ist der noch im Buch von Star Diamond gespeicherte Zug Lb3} Nfxd5 {Buchbewertung Novag Star Diamond: -0,15 / lt. Stockfish steht Weiss um eine Nuance besser mit ca. +0,20} 9. Nxd5 Nxd5 10. Bg5 f6 $4 {weniger gut, da gibt es jede Menge bessere Züge, z.B. c6, Dd6, a5, h6, Stockfish -0,60} 11. Be3 $2 {auch nicht das gelbe vom Ei, warum stellt sich der Läufer auf ein bedrohtes Feld ?, besser ist natürlich Ld2, danach ist Weiss nur eine Nuance im Vorteil mit ca. +0,20} e6 12. Qd3 Bd6 13. Ne2 c6 14. O-O Qc7 15. h3 O-O 16. c3 b5 17. Bb3 Bd7 18. Bc2 Nxe3 19. Qxe3 Rae8 20. Qe4 {besser ist Dd3, Stockfish -0,70} f5 21. Qe3 e5 $15 22. Qg5 $4 $19 {ein Verlustzug !, Stockfish -2,50, nötig war dxe5 mit ca. -0,70} ({Stockfish dev-20230822-440feecb:} 22. dxe5 Bxe5 23. f4 Bf6 24. Bb3+ Kh8 25. Qc5 Be7 26. Qf2 c5 27. Bd5 Rf6 28. Kh2 Rd6 29. Rad1 Bf6 30. Ng1 Rd8 31. Bb3 Rxd1 32. Rxd1 a5 33. Rd5 c4 34. Bd1 b4 35. Qd2 Be6 36. Rxd8+ Qxd8 37. Qxd8+ Bxd8 38. Nf3 bxc3 39. bxc3 {[%eval -62,30] [%wdl 0,879,121]}) 22... exd4 $1 {richtig} 23. Nxd4 $2 {ein absoluter Verlustzug, danach ist alles aus, Stockfish -5,00, nötig war Dd2} Bf4 24. Qh4 c5 25. Bb3+ (25. Nb3 g5 26. Qh5 Re6 27. Rfe1 Be8 28. Qxh7+ Kxh7 29. Rxe6) 25... Kh8 26. Nc2 c4 27. Qf2 Bg3 28. Qd2 cxb3 29. axb3 {Schwarz hat das Läuferpaar für Springer + Bauer, den Rest braucht man nicht mehr zu kommentieren, ein paar Zehntel auf oder ab sind hier schon egal, hier ist alles erledigt, Stockfish -5,20} Rf6 30. Rfd1 Rd6 31. Nd4 b4 32. Qd3 Be5 33. Kf1 Bxd4 34. cxd4 Rg6 35. Kg1 Qg3 36. Rd2 Re1+ 37. Rxe1 Qxe1+ 38. Kh2 Qg3+ 39. Kh1 Re6 40. Re2 Qd6 41. Rxe6 Bxe6 42. Kg1 Kg8 43. Kf1 Kf7 44. Ke1 Qd5 45. Kd2 Qxb3 46. Qxb3 Bxb3 {Rest geschenkt} 0-1

[Event "Turnier 40 / 120"]
[Site "Wien"]
[Date "2023.08.24"]
[Round "9"]
[White "Novag Star Diamond"]
[Black "Mephisto Lyon 68020"]
[Result "1-0"]
[WhiteElo "2161"]
[BlackElo "2172"]
[Annotator "Christian"]
[PlyCount "123"]
[EventDate "2023.??.??"]

{[%evp 0,123,19,31,19,0,14,15,15,-18,3,-47,17,32,32,50,35,35,38,18,8,-47,-49,-61,-61,-32,-52,-52,-50,-83,-53,-86,13,-75,-25,-25,-25,-10,90,128,133,123,117,192,204,83,83,98,90,97,114,135,131,70,72,74,87,80,122,103,120,98,127,166,168,180,169,170,157,152,221,221,218,221,219,211,224,209,216,203,209,210,211,179,195,192,190,201,206,208,218,213,217,220,222,224,228,228,227,229,232,234,240,234,244,258,258,266,279,284,293,275,293,293,293,293,335,338,343,375,343,356,392,348,356,426]} 1. d4 d5 {Runde 9: Damengambit angenommen / Lyon 68020 hinterlässt hier neuerlich einen ganz schwachen Eindruck und verliert diese Partie letztlich chancenlos, obwohl auch Star Diamond nicht ideal agiert setzt er sich letztlich doch verdientermassen durch. Star Diamond holt damit in der 1. Staffel das Punktemaximum mit Weiss mit 5 Siegen !! und gewinnt diese Staffel. Bisher ein enttäuschender Auftritt von Lyon 68020. Stand: 6,0 : 3,0 ---> für Novag Star Diamond} 2. c4 dxc4 3. e4 e5 4. Nf3 exd4 5. Bxc4 Bb4+ 6. Bd2 Bxd2+ 7. Nbxd2 Nc6 8. O-O Qf6 9. e5 Qg6 {Buchende} 10. Qb3 Nge7 {Buchbewertung Mephisto Lyon 68020: +0,45} 11. Rfe1 O-O 12. Bd3 Qh5 13. Rac1 {Buchende} Rb8 14. Qa3 {Buchbewertung Novag Star Diamond: -1,15 / das ist natürlich eine unglückliche Variante für einen Oldie, danach hat Schwarz den Mehrbauern behauptet und die Bauernmehrheit am Damenflügel mit 4 gegen 2 und das bewertet natürlich auch ein Oldie verständlicherweise, besser war hier Lc4, lt. Stockfish ist es aber nicht ganz so hoffnungslos wie Star Diamond glaubt, der sieht Schwarz mit "nur" ca. +0,40 im Vorteil} Rd8 15. Rc5 Bf5 {das ist nicht optimal, danach ist sogar Weiss schon leicht im Vorteil, Stockfish -0,20, besser ist Le6 mit leichtem Vorteil für Schwarz} 16. Ne4 Qg4 $4 {ein ganz schlechter Zug, danach ist Weiss bereits klar im Vorteil, Stockfish -1,60, nötig war Dh6, allerdings muss ich sagen das ist wieder nur aus Sicht von Stockfish, die Gewinnvariante ist für Star Diamond unerreichbar, da darf man ihm keinen Vorwurf machen, wenn er das nicht findet, klaren Vorteil für Weiss bringt: h3, Dg6, Txc6 !!!, Sxc6, Sh4, Lxe4, Sxg6, Lxg6 (unmachbar für einen Oldie)} ({Stockfish dev-20230822-440feecb:} 16... Qh6 17. b4 a6 18. h3 Rf8 19. e6 fxe6 20. Neg5 Rf6 21. Bxf5 Nxf5 22. Qb3 Re8 23. a4 Nh4 24. b5 Nxf3+ 25. Nxf3 axb5 26. axb5 Ne7 27. Re4 Ng6 28. Rxc7 Nf4 29. Nxd4 Qg6 30. Qg3 Ref8 31. Rxb7 Nxh3+ 32. Kh2 Nxf2 33. Qxg6 hxg6 34. Re1 e5 35. Nc6 g5 36. Nxe5 Re8 37. Kg1 Kh7 38. Nf3 Rxe1+ 39. Nxe1 Ne4 {[%eval 27,34] [%wdl 21,978,1]}) 17. h3 $1 {Star Diamond macht zwar den richtigen Zug, sieht aber natürlich nicht die vorteilhafte Fortsetzung: Bewertung : -1,07} Qf4 $4 {[%mdl 2] ein Verlustzug, danach ist die Partie bereits klar verloren, Stockfish -3,20, nötig war Dg6} 18. Neg5 $1 {der richtige Zug, aber Star Diamond sieht sich trotzdem klar im Nachteil: Bewertung: -0,96} Bxd3 {Lyon 68020 sieht sich nur noch hauchdünn im Vorteil: Bewertung: +0,21} 19. Qxd3 {Novag Star Diamond: -0,46} Qf5 {Lyon 68020: -0,33 (sieht sich bereits leicht im Nachteil)} 20. Qc4 $1 {richtig, Novag Star Diamond: -0,30} Kf8 $2 {Lyon 68020: -0,33 / verliert forciert, danach ist bereits alles aus, Stockfish -5,00, deutlich mehr Widerstand leistet noch Dg6 mit ca. -3,20} 21. e6 $1 {Star Diamond macht alles richtig sieht aber noch keinen Vorteil: Bewertung: +0,03} Rd5 {Lyon 68020: -0,33} 22. Rxd5 $2 {ein schwacher Zug, der den Vorteil von Weiss halbiert, trotzdem steht Weiss noch klar auf Gewinn, Stockfish +2,50, sofort gewonnen hätte allerdings Sxh7 ! mit ca. +5,00, trotzdem muss man sagen Star Diamond erkennt hier völlig zurecht bereits klaren Vorteil: +1,38} Qxd5 {Lyon 68020: -0,54} 23. Nxh7+ Kg8 24. exf7+ $1 {der richtige Zug, allerdings Star Diamond hat hier seine Zuversicht verloren: Bewertung: +0,03} Kxf7 $2 {Mephisto Lyon 68020: -1,12, die klar falsche Schlagoption, verliert forciert, Stockfish -4,20, deutlich besser ist Dxf7 mit ca. -2,70} 25. Nhg5+ $1 {Novag Star Diamond hat seine Zuversicht wieder: +1,15 / der richtige Zug, Stockfish +4,30, ganz schlecht wäre der von Lyon 68020 vorgeschlagene Zug Dxd5 ?? gewesen, danach wäre Weiss nur noch mit ca. +1,00 im Vorteil gewesen} Kg8 26. Qxd5+ $2 {ein Megabock, der Schwarz fast von allen Sorgen befreit, danach ist Weiss zwar auch noch im Vorteil aber nur noch mit ca. +1,00, nach 26.Dd3 !! wäre Weiss bereits in einer klaren Gewinnstellung mit ca. +4,30, bei der unsicheren Königsstellung von Schwarz die Dame zu tauschen ist natürlich eine Katastrophe} Nxd5 27. Rd1 Nf4 $4 {ein Verlustzug, danach ist die Partie bereits wieder klar verloren, Stockfish -2,00, nötig war Td8} 28. g3 Ne2+ $2 {ein schlechter Zug, der die Lage von Schwarz deutlich verschlimmert, Stockfish -3,00, deutlich besser ist noch Sh5 mit ca. -2,00} 29. Kf1 Re8 30. a4 Kf8 $2 {ein ganz schlechter Zug, deutlich besser ist noch Te7, Stockfish -3,50} 31. Rd2 Nc1 32. Nxd4 Nxd4 33. Rxd4 c6 34. Rd7 b5 35. axb5 cxb5 36. Rxa7 {ein 2. Mehrbauer für Weiss sollte die Partie eigentlich schon entscheiden, aber warten wir es noch ab, Stockfish +4,30} Nd3 37. b3 b4 38. Rf7+ Kg8 39. Rc7 Re1+ 40. Kg2 g6 41. Rd7 Rd1 42. Ne4 Ne1+ 43. Kf1 Rxd7 44. Nf6+ Kf7 45. Nxd7 Nd3 46. Ke2 Nc1+ 47. Ke3 Nxb3 48. Ne5+ Kf6 49. Nc6 Nc5 50. Nxb4 Nd7 51. Nd3 Kg7 52. f4 Nb6 53. Kd4 Kf6 54. g4 Nc8 55. Kc5 Ne7 56. h4 Ke6 57. Ne5 Kf6 58. Kd6 Nc8+ 59. Kd7 {besser ist natürlich Kd5, aber hier schon egal} Nb6+ 60. Kc6 Nc8 61. Kd5 Ne7+ 62. Ke4 {hier erspare ich Lyon 68020 die unvermeidliche Hinrichtung, Stockfish -200,00} 1-0

[Event "Turnier 40 / 120"]
[Site "Wien"]
[Date "2023.08.24"]
[Round "10"]
[White "Mephisto Lyon 68020"]
[Black "Novag Star Diamond"]
[Result "0-1"]
[WhiteElo "2172"]
[BlackElo "2161"]
[Annotator "Christian"]
[PlyCount "100"]
[EventDate "2023.??.??"]

{[%evp 0,100,19,34,29,12,-3,-11,12,12,12,15,1,-6,0,-14,-12,-48,-8,-13,-24,-69,39,-132,-134,-145,-137,-152,-168,-167,-159,-170,-156,-160,-155,-178,-172,-191,-185,-187,-190,-183,-187,-187,-187,-192,-196,-186,-201,-199,-213,-217,-189,-186,-184,-182,-175,-179,-184,-174,-185,-189,-167,-179,-154,-157,-151,-140,-159,-206,-214,-223,-208,-235,-232,-231,-229,-216,-211,-222,-237,-237,-237,-242,-182,-205,-184,-207,-207,-217,-210,-229,-224,-237,-204,-211,-210,-312,-314,-323,-310,-590,-718]} 1. d4 Nf6 {Runde 10: Damenbauernspiel / Lyon 68020 enntäuscht auch in dieser Runde ein weiteres Mal und verliert hier praktisch wieder chancenlos und kassiert damit in der 1. Staffel eine sehr deutliche für mich doch unerwartete Niederlage. Star Diamond zeigt in der Abschlusspartie dieser Staffel eine sehr gute Leistung und nützt konsequent die Schwächen seines Gegners. / Endstand Staffel 1: 7,0 : 3,0 ---> für Novag Star Diamond} 2. g3 d5 3. Nf3 {Buchende} g6 {Buchende} 4. Bg2 {Buchbewertung Mephisto Lyon 68020: +0,18} Bg7 {Buchbewertung Novag Star Diamond: +0,15 / lt. Stockfish ist die Stellung etwa gleich} 5. O-O Nc6 6. Na3 Bf5 7. Nh4 Bg4 8. c4 Qd7 9. Nb5 {weniger gut, besser ist Sf3, Stockfish -0,60} dxc4 10. Bf4 $4 {[%mdl 2] ein Verlustzug, zumindest lt. Stockfish ist die Partie damit bereits verloren, nötig war d5, Stockfish -2,20} ({Stockfish dev-20230822-440feecb:} 10. d5 Nd8 11. Na3 c6 12. dxc6 Nxc6 13. Nf3 Qe6 14. Qa4 O-O 15. Nxc4 Bxf3 16. exf3 Nd4 17. Ne3 Rfd8 18. Rd1 b5 19. Qa5 h5 20. Bd2 h4 21. Bc3 Ne2+ 22. Kh1 Rxd1+ 23. Rxd1 h3 24. Bf1 Ne4 25. Be1 Nd4 26. Bxb5 Rc8 27. Ba6 Rc5 28. Qd8+ Kh7 29. Rxd4 Bxd4 30. Qxd4 Qxa6 31. fxe4 Rc1 32. Qd2 Rb1 33. Kg1 Qxa2 34. Kf1 Qa6+ 35. Qe2 Qxe2+ 36. Kxe2 Rxb2+ 37. Bd2 Rb5 38. Nc4 f5 39. exf5 gxf5 40. Ne3 a5 {[%eval -58,37] [%wdl 0,880,120]}) 10... Rc8 $4 {ein ganz schlechter Zug, der den Grossteil des Vorteiles verspielt, Stockfish +0,50, nötig war 0-0} 11. Bxc6 $4 {völlig daneben, ja ok ein Dreifachbauer aber dafür den starken Fianchettoläufer herzugeben ist natürlich Schwachsinn, danach ist die Partie bereits wieder verloren, Stockfish -2,00, wieder wurde das Nötige d5 ! verpasst} bxc6 12. Nc3 Nd5 13. Qd2 Nxf4 14. Qxf4 Qxd4 15. Qxd4 Bxd4 16. Nf3 {nach weiteren kleineren Ungenauigkeiten ist die Stellung für Weiss hier bereits hoffnungslos, Stockfish -3,00} Bg7 $2 {deutlich schwächer als Lxf3, Stockfish +2,20} 17. Rfd1 O-O 18. Rd2 Rfd8 19. Rad1 $2 {ein ganz schlechter Zug, der die Lage von Weiss nochmals deutlich verschlechtert, Stockfish -3,50, klar vorzuziehen war Tc2} Rd6 20. Ne4 Rxd2 21. Rxd2 Rb8 22. Nc3 Bxc3 23. bxc3 Bh3 24. Rd1 f6 $1 {stark gespielt, deutlich besser als das verlockende Tb2, was auch Lyon 68020 vorgeschlagen hätte, Stockfish +3,70} 25. Nd4 Rd8 26. Ra1 Rd6 27. f4 Kf7 $2 {ein schwacher Zug, der ca. eine Bauerneinheit einbüsst, Stockfish +2,80, deutlich besser ist c5} 28. Kf2 Bg4 29. h3 Bd7 30. h4 $2 {auch nicht das Gelbe vom Ei, danach ist das Feld g4 frei für den Läufer, besser ist Sf3, Stockfish -3,50} c5 31. Nf3 Bf5 {besser ist Lc6, Stockfish +3,00} 32. a4 Be4 33. a5 Ke6 34. Ra2 {ein ganz schlechter Zug, der die Lage von Weiss deutlich verschlimmert, Stockfish -4,70, deutlich mehr Widerstand leistet Sg1 mit ca. -3,00} Bxf3 $1 35. Kxf3 Rd1 $1 36. e3 Rd3 37. Rb2 Rxc3 38. Rb7 Ra3 39. Rxa7 c3 40. Ke2 c2 41. Kd2 Rxe3 42. Rxc7 Kd6 43. Rb7 Rc3 44. Kc1 Rxg3 45. Rb6+ Kc7 46. Rb5 {Stockfish -6,00} Ra3 47. Rxc5+ Kd6 48. Rxc2 Rxa5 {das braucht man nicht mehr zu kommentieren, hier ist alles erledigt} 49. Rd2+ Rd5 50. Kc2 $2 {[%emt 0:00:19] na ist schon wurscht, aber LOL, sonst kein Kommentar, Stockfish Matt in} Rxd2+ {Rest geschenkt} 0-1

[Event "Turnier 40 / 120"]
[Site "Wien"]
[Date "2023.08.25"]
[Round "11"]
[White "Novag Star Diamond"]
[Black "Mephisto Lyon 68020"]
[Result "1/2-1/2"]
[WhiteElo "2161"]
[BlackElo "2172"]
[Annotator "Christian"]
[PlyCount "121"]
[EventDate "2023.??.??"]

{[%evp 0,121,25,16,81,71,75,58,75,15,27,52,28,46,42,32,42,29,42,51,68,35,27,11,57,33,38,46,46,31,23,12,8,4,4,12,-4,6,38,18,47,35,47,48,45,9,17,0,11,14,0,-2,0,39,30,38,35,45,40,23,47,50,55,55,74,80,73,93,106,102,104,104,124,126,102,109,113,75,98,57,44,52,67,3,0,3,0,0,0,0,0,0,0,0,0,0,45,53,79,50,79,50,79,120,54,0,142,61,132,0,463,485,505,0,0,0,0,0,0,0,0,0,0,0]} 1. e4 d6 {Runde 11: Pirc Ufimzew, Dreibauernangriff / Eine bis zum Endspiel ausgeglichene Partie, die wieder einmal ein Turmendspiel bringt und wieder einmal eines von der Sorte, welches beide Geräte hoffnungslos überfordert, man kennt ja die Problematik dieses Endspieltypes zur Genüge. Was hier abgeht erinnert eher an ein Glücksspiel als ein Strategiespiel, was ja Schach eigentlich sein sollte, es pendelt oftmals hin und her zwischen einem Remis und Sieg für Star Diamond. Nachdem Star Diamond hier unzählige Gewinnchancen liegen lässt kommt Lyon 68020 zu einem überaus glücklichen Remis und damit zum ersten Zählbaren Erfolg überhaupt mit Schwarz. Stand: 7,5 : 3,5 ---> für Novag Star Diamond (68,18 %)} 2. d4 Nf6 3. Nc3 g6 4. f4 Bg7 5. Nf3 O-O 6. Bd3 Nc6 7. O-O Bg4 8. e5 Nd7 9. Be3 Nb4 10. h3 Bxf3 11. Qxf3 c5 12. dxc5 Nxd3 13. cxd3 {Buchende} dxe5 14. Qxb7 {Buchbewertung Novag Star Diamond: +0,30 / nicht optimal besser ist Tad1, nach dem Textzug ist die Stellung exakt im Lot, Stockfish 0,00 / Lyon 68020 hatte noch 14. f5 im Buch gespeichert auch das ist nicht besser als Dxb7 und führt zu einer ausgeglichenen Stellung} exf4 {Buchbewertung Mephisto Lyon 68020: -0,15} 15. Rxf4 Bh6 {kein guter Zug, danach ist Weiss im Vorteil, Stockfish -0,60, besser ist Tb8 mit Ausgleich, gut aber hier muss man sagen, auch Star Diamond hätte Lh6 vorgeschlagen und beide Geräte haben natürlich die richtige Fortsetzung für Weiss nicht auf dem Radar, und ehrlich gesagt das hätte ich wohl auch nicht, in Vorteil gelangt Weiss mit De4 !, lässt den Turm f4 stehen und die beste Fortsetzung für Schwarz ist dann immer noch Tb8, Lxf4 wäre schwächer, aber gut diese Nuss ist praktisch nicht zu knacken für einen Oldie da muss man nachsichtig sein} 16. Re4 {erwartunggemäss wird die falsche Figur nach e4 gezogen, aber gut hier vergebe ich kein Fragezeichen, De4 ist unmachbar für einen Oldie !, nach dem Textzug ist wieder alles im Lot, Stockfish 0,00} Bxe3+ 17. Rxe3 Nxc5 18. Qxe7 Nxd3 19. Qe4 Nc5 $1 {richtig, auf keinen Fall Sxb2 ??, danach wäre die Partie sofort verloren} 20. Qe5 Nd3 21. Qb5 Nf4 22. Rd1 Qf6 23. Ne4 Qb6 24. Qxb6 axb6 25. Rf3 Ne6 26. Nc3 Rfd8 27. Rfd3 Rxd3 28. Rxd3 Nc5 29. Rd6 Na4 30. Nxa4 Rxa4 31. a3 b5 32. Rb6 Ra5 33. Kf2 g5 34. Ke3 f5 $2 {ein Verlustzug, bis zu diesem Zeitpunkt war die Stellung stets im Lot, Stockfish -2,30, nötig war Kg7 und Schwarz hält das Remis} 35. Kd4 $2 {so aber nicht, verspielt auf einen Schlag den gesamten Vorteil, die Stellung ist wieder Remis, gewonnen hätte Tb7} g4 $2 {ein absoluter Verlustzug, danach ist sofort alles vorbei, Stockfish -5,00, das Remis gesichert hätte Kf7} 36. hxg4 fxg4 37. g3 $2 {mit dem Ausdruck absoluter Verlustzug muss man aber vorsichtig sein, denn das gilt wieder mal nur für Stockfish 16, der Textzug verschenkt auf einen Schlag den gesamten Vorteil, danach ist die Partie wieder Remis, Stockfish 0,00, gewonnen hätte Ke3 !} Kf7 $2 {ein Verlustzug, danach ist die Partie wieder verloren, Stockfish -3,50, das Remis gesichert hätte Kg7} ({Stockfish dev-20230822-440feecb:} 37... Kg7 38. Kc5 h5 39. Kd4 Ra4+ 40. Ke3 Ra5 41. Kf4 Kh7 42. Ke4 Ra4+ 43. Ke3 Ra5 44. Kf2 Kg7 45. Ke1 Kh7 46. Rc6 b4 47. axb4 Re5+ 48. Kd2 Rf5 49. Ke2 Rb5 50. Rc4 Kg6 51. Kf1 Kf6 52. Kf2 Ke6 53. Ke3 Kd7 54. Kd3 Kd6 55. Ke2 Rb8 56. Ke3 Rh8 57. Rd4+ Kc7 58. Kf4 h4 59. Rc4+ Kd6 {[%eval 1,48] [%wdl 5,991,4]}) 38. Rb7+ $2 {absoluter Nonsense, was bitte soll das bringen ausser den gegnerischen König in eine bessere Postion für das Endspiel zu bringen und ihn vorzutreiben, verschenkt sofort wieder den gesamten Vorteil, die Stellung ist wieder Remis, gewonnen hätte Th6} ({Stockfish dev-20230822-440feecb:} 38. Rh6 Ra4+ 39. Kc5 Kg7 40. Rh4 Re4 41. Kxb5 Kg6 42. a4 h5 43. Rh2 Re5+ 44. Kb6 Re3 45. Rg2 Re6+ 46. Kc5 Re5+ 47. Kc6 Ra5 48. b3 Ra8 49. Ra2 Rb8 50. a5 Rxb3 51. a6 Rc3+ 52. Kb6 Rb3+ 53. Ka5 Rb8 54. Ra4 Ra8 {[%eval 331,26] [%wdl 1000,0,0]}) 38... Kg6 39. Kc3 h5 40. Rb8 Kf5 41. Kb4 Ra7 {nicht ganz optimal, das Remis gesichert hätte bereits Ta4+, aber auch nach dem Textzug hat Schwarz noch sehr gute Remischancen, Stockfish -0,30} 42. Rxb5+ Ke4 43. Rxh5 Kf3 44. a4 Kxg3 45. a5 {Novag Star Diamond erkennt hier bereits das Remis trotz des Mehrbauern, Bewertung richtigerweise: 0,00} Kf4 {Lyon 68020: -1,00} 46. Rh4 Kf3 {Lyon 68020 sieht ebenfalls das Remis, Bewertung: 0,00} 47. Rh6 g3 $2 {ein Verlustzug, Stockfish -7,00, das Remis gesichert hätte Tg7} 48. Rf6+ Ke3 49. Re6+ Kf2 50. Rf6+ Kg1 51. Rg6 $1 {der richtige Zug, aber Novag Star Diamond ist sich seiner Gewinnstellung nicht bewusst, Bewertung: -1,07 ??, Stockfish +6,00} g2 {und Mephisto Lyon 68020 ist sich seiner Verluststellung nicht bewusst: Bewertung: +0,72} 52. a6 $1 {der richtige Zug, Novag Star Diamond: -0,26} Rf7 {Lyon 68020: 0,00 / Stockfish -8,00} 53. Kc5 Kf1 54. Kb6 $2 {verschenkt alles, danach ist es wieder Remis gewonnen hätte natürlich b4} g1=Q+ $2 {verliert sofort, das Remis gesichert hätte Tf4, Stockfish -15,00} 55. Rxg1+ Kxg1 56. a7 $2 {unfassbar, verschenkt wieder den Sieg, natürlich gewinnt wieder das mehr als offensichtliche b4, einfach grauenhaft, was hier geboten wird.} Rf6+ 57. Kb7 Rf7+ 58. Ka6 Rf6+ 59. Kb7 Rf7+ 60. Kb6 Rf6+ 61. Kb7 {Stellungswiederholung} 1/2-1/2